LEADER 01309nam a2200265 4500 001 000000340231 003 CaOOAMICUS 005 20200707164136.0 008 200519s2005 it 000 u ita r 020 $a88-400-1008-4 040 $aSeMil$bita 100 1 $aBrambilla, Elena.$0(OLS)http://semarc/name/44511 245 10$aGenealogie del sapere :$buniversitą, professioni giuridiche e nobiltą togata in Italia, 13.-17. secolo : con un saggio sull'arte della memoria /$cElena Brambilla. 264 1$aMilano :$bUnicopli,$c2005. 300 $a384 p. ;$c23 cm 650 4$aGiurisprudenza - Saggi.$0(OLS)http://semarc/subject/5307 650 4$aUniversitą - Italia - Storia.$0(OLS)http://semarc/subject/46019 830 0$aEarly modern ;$v19.$0(OLS)http://semarc/title/429238 850 $aSeMil 852 $aSeMil$W1$xVenegono$y1$m1Q IV 39$j221373$B231350$CSeMilBibl$Z2$F231350 $81 961 $aBrambilla don Paolo - Omaggio 996 $6020$a88-400-1008-4$9(OLS)http://semarc/number/290337 996 $6245$aGenealogie del sapere :$buniversitą, professioni giuridiche e nobiltą togata in Italia, 13.-17. secolo : con un saggio sull'arte della memoria$9(OLS)http://semarc/title/429239 996 $6264$aMilano :$bUnicopli$9(OLS)http://semarc/publisher/29904 LEADER 01227nam a2200253 i 4500 001 000000187826 003 CaOOAMICUS 005 20100323000000.0 008 100323s1961 it u000 u ita u 013 $a165946 040 $aSeMil$bita 100 1 $aSchimmel, Annemarie,$d<1922-2003>.$0(OLS)http://semarc/name/43791 245 10$aAspetti spirituali dell'islam /$cAnnemarie Schimmel ; [trad. di Amalia Pezzali]. 260 $aVenezia ; Roma :$bIstituto per la collaborazione culturale,$cstampa 1961. 300 $a94 p., [6] p. di tav. :$bill. ;$c21 cm. 490 0 $aLe civiltą asiatiche ;$v2 500 $aSerie di 3 conferenze tenute al Centro di cultura e civiltą della Fondazione Giorgio Cini nel 1960. 650 4$aIslamismo - Spiritualitą.$0(OLS)http://semarc/subject/8624 700 1 $aPezzali, Amalia.$0(OLS)http://semarc/name/4660 830 3$aLe civiltą asiatiche ;$v2.$0(OLS)http://semarc/title/31081 850 $aSeMil 852 $aSeMil$W1$xVenegono$y1$m2X III 180$j138513$B138513$CSeMilBibl$Z2$F149976 $81 996 $6245$aAspetti spirituali dell'islam$9(OLS)http://semarc/title/270240 996 $6260$aVenezia ; Roma :$bIstituto per la collaborazione culturale$9(OLS)http://semarc/publisher/30139